<?xml version="1.0" encoding="UTF-8"?>
<collection xmlns:xsi="http://www.w3.org/2001/XMLSchema-instance" xsi:schemaLocation="http://www.loc.gov/MARC21/slim http://www.loc.gov/standards/marcxml/schema/MARC21slim.xsd" xmlns="http://www.loc.gov/MARC21/slim">
 <record>
  <leader>00000cmm a22000004i 4500</leader>
  <controlfield tag="001">UP-99796217613686054</controlfield>
  <controlfield tag="003">Buklod</controlfield>
  <controlfield tag="005">20210504132903.0</controlfield>
  <controlfield tag="006">m    |o  d |      </controlfield>
  <controlfield tag="007">cr || |||a|a|a</controlfield>
  <controlfield tag="008">210504s2000    dcu        u        eng d</controlfield>
  <datafield tag="020" ind1=" " ind2=" ">
   <subfield code="a">9780841218451 (eISBN)</subfield>
  </datafield>
  <datafield tag="035" ind1=" " ind2=" ">
   <subfield code="a">(iLib)UPD-00523176073</subfield>
  </datafield>
  <datafield tag="040" ind1=" " ind2=" ">
   <subfield code="a">DLC</subfield>
   <subfield code="d">DENGII</subfield>
   <subfield code="e">rda</subfield>
  </datafield>
  <datafield tag="041" ind1=" " ind2=" ">
   <subfield code="a">eng</subfield>
  </datafield>
  <datafield tag="084" ind1=" " ind2=" ">
   <subfield code="a">TS 1449</subfield>
   <subfield code="b">H57 2000eb</subfield>
  </datafield>
  <datafield tag="245" ind1="0" ind2="0">
   <subfield code="a">Historic textiles, papers, and polymers in museums</subfield>
   <subfield code="c">Jeanette M. Cardamone, Mary T. Baker, editors.</subfield>
  </datafield>
  <datafield tag="264" ind1=" " ind2="1">
   <subfield code="a">Washington, DC</subfield>
   <subfield code="b">American Chemical Society</subfield>
   <subfield code="c">[2000]</subfield>
  </datafield>
  <datafield tag="300" ind1=" " ind2=" ">
   <subfield code="a">1 online resource.</subfield>
  </datafield>
  <datafield tag="336" ind1=" " ind2=" ">
   <subfield code="a">text</subfield>
   <subfield code="2">rdacontent</subfield>
  </datafield>
  <datafield tag="337" ind1=" " ind2=" ">
   <subfield code="a">computer</subfield>
   <subfield code="2">rdamedia</subfield>
  </datafield>
  <datafield tag="338" ind1=" " ind2=" ">
   <subfield code="a">online resource</subfield>
   <subfield code="2">rdacarrier</subfield>
  </datafield>
  <datafield tag="504" ind1=" " ind2=" ">
   <subfield code="a">Includes bibliographical references and index.</subfield>
  </datafield>
  <datafield tag="505" ind1="8" ind2=" ">
   <subfield code="a">Machine generated contents note: Textiles and Papers in Museums 1. Historic Textiles and Paper 2 -- Jeanette M. Cardamone 2. The Aging, Degradation, and Conservation of Historic Materials -- Made from Cellulosic Fibers 8 -- Jeanette M. Cardamone 3. Chemical and Physical Changes in Naturally and Accelerated -- Aged Cellulose 23 -- David Erhardt, Charles S. Tumosa, and Marion F. Mecklenburg 4. FTIR Study of Dyed and Undyed Cotton Fibers Recovered -- from a Marine Environment 38 -- Runying Chen and Kathryn Jakes 5. Characterization of Chemical and Physical Microstructure -- of Historic Fibers through Microchemical Reaction 55 -- Runying Chen and Kathryn A. Jakes 6. Degradation and Color Fading of Cotton Fabrics Dyed with -- Natural Dyes and Mordants74 -- N. Kohara, C. Sano, H. Ikuno, Y. Magoshi, M. A. Becker, -- M. Yatagai, and M. Saito 7. Degradation and Color Fading of Silk Fabrics Dyed with -- Natural Dyes and Mordants 86 -- Mamiko Yatagai, Yoshiko Magoshi, Mary A. Becker, Chie Sano, -- Harumi Ikuno, Natsuko Kohara, and Masako Saito -- 8. Measuring Silk Deterioration by High-Performance -- Size-Exclusion Chromatography, Viscometry, and -- Electrophoresis-- Season Tse and Anne-Laurence Dupont 9. The Aging of Wool Fibers -- Ian L. Weatherall Polymers in Museums 10. Polymers in Museums -- Mary T. Baker 11. The Physical Properties of Photographic Film Polymers -- Subjected to Cold Storage Environments -- Charles S. Tumosa, Marion F. Mecklenburg, and -- Mark H. McCormick-Goodhart 12. Probing the Factors That Control Degradation in Museum -- Collections of Cellulose Acetate Artefacts -- Jane Ballany, David Littlejohn, Richard A. Pethrick, and -- Anita Quye 13. Spectroscopic Investigation of the Degradation of Vulcanized -- Natural Rubber Museum Artifacts -- Sandra A. Connors, Alison Murray, Ralph M. Paroli, -- Ana H. Delgado, and Jayne D. Irwin 14. Pyroxyline Paintings by Siqueiros: Visual and Analytical -- Examination of His Painting Techniques -- Celina Contreras de Berenfeld, Alison Murray, Kate Helwig, -- and Barbara Keyser 15. Laser Surface Profilometry: A Novel Technique for the -- Examination of Polymer Surfaces -- S. A. Fairbrass and D. R. Williams Author Index Subject Index.</subfield>
  </datafield>
  <datafield tag="506" ind1=" " ind2=" ">
   <subfield code="a">IP based subscription, on campus and remote access.</subfield>
   <subfield code="c">Access via Electronic Resources of the UPD Engineering Library and University Library websites.</subfield>
  </datafield>
  <datafield tag="533" ind1=" " ind2=" ">
   <subfield code="a">Electronic reproduction.</subfield>
   <subfield code="b">Washington, DC</subfield>
   <subfield code="c">American Chemical Society</subfield>
   <subfield code="d">2000.</subfield>
   <subfield code="n">Available via World Wide Web through ACS.</subfield>
  </datafield>
  <datafield tag="650" ind1=" " ind2="0">
   <subfield code="a">Textile fabrics</subfield>
   <subfield code="x">Conservation and restoration</subfield>
   <subfield code="v">Congresses.</subfield>
  </datafield>
  <datafield tag="650" ind1=" " ind2="0">
   <subfield code="a">Paper</subfield>
   <subfield code="x">Preservation</subfield>
   <subfield code="v">Congresses.</subfield>
  </datafield>
  <datafield tag="650" ind1=" " ind2="0">
   <subfield code="a">Polymers</subfield>
   <subfield code="x">Conservation and restoration</subfield>
   <subfield code="v">Congresses.</subfield>
  </datafield>
  <datafield tag="650" ind1=" " ind2="0">
   <subfield code="a">Electronic books.</subfield>
  </datafield>
  <datafield tag="700" ind1="1" ind2=" ">
   <subfield code="a">Cardamone, Jeanette M.</subfield>
   <subfield code="d">1959-</subfield>
   <subfield code="e">editor.</subfield>
  </datafield>
  <datafield tag="700" ind1="1" ind2=" ">
   <subfield code="a">Baker, Mary T.</subfield>
   <subfield code="e">editor.</subfield>
  </datafield>
  <datafield tag="856" ind1="4" ind2="0">
   <subfield code="z">Available for University of the Philippines Diliman via ACS Publications. Click here to access</subfield>
   <subfield code="u">https://pubs.acs.org/doi/book/10.1021/bk-2001-0779</subfield>
  </datafield>
  <datafield tag="856" ind1="4" ind2="0">
   <subfield code="z">Also available remotely for University of the Philippines Diliman via ACS Publications. Click here to access thru EZproxy</subfield>
   <subfield code="u">https://pubs.acs.org.ezproxy.engglib.upd.edu.ph/doi/book/10.1021/bk-2001-0779</subfield>
  </datafield>
  <datafield tag="856" ind1=" " ind2=" ">
   <subfield code="z">(viewed 04 May 2021)</subfield>
  </datafield>
  <datafield tag="905" ind1=" " ind2=" ">
   <subfield code="a">FO</subfield>
  </datafield>
  <datafield tag="852" ind1="0" ind2=" ">
   <subfield code="a">UPD</subfield>
   <subfield code="b">DENG-II</subfield>
  </datafield>
  <datafield tag="942" ind1=" " ind2=" ">
   <subfield code="a">Electronic Resource</subfield>
  </datafield>
 </record>
</collection>
